Зачеловек: Роман

Détails bibliographiques
Auteur principal: Никитин Ю. А. Юрий Александрович
Résumé:Исключено из фонда НТБ ТПУ
Langue:russe
Publié: Москва, Эксмо, 2003
Collection:Трое из леса
Format: MixedMaterials Livre
KOHA link:https://koha.lib.tpu.ru/cgi-bin/koha/opac-detail.pl?biblionumber=68419

MARC

LEADER 00000nam0a2200000 4500
001 68419
005 20231031074833.0
010 |a 5699046089 
035 |a (RuTPU)RU\TPU\book\72860 
090 |a 68419 
100 |a 20041005d2003 m y0rusy50 ca 
101 0 |a rus 
102 |a RU 
105 |a y z 000ay 
200 1 |a Зачеловек  |e Роман  |f Ю. А. Никитин 
210 |a Москва  |c Эксмо  |d 2003 
215 |a 508 с. 
225 1 |a Трое из леса 
333 |a Исключено из фонда НТБ ТПУ 
700 1 |a Никитин  |b Ю. А.  |g Юрий Александрович 
801 1 |a RU  |b 63413507  |c 20041005  |g PSBO 
801 2 |a RU  |b 63413507  |c 20111007  |g PSBO 
942 |c BK